000 00285nam a22001337a 4500
008 170630b xxu||||| |||| 00| 0 eng d
020 _a9780521097123
041 _aeng
080 _a82
100 _a82
101 _aGJL
245 _aSELECTED WRITING
_cGIDDENS,A
942 _2udc
_cBK
999 _c19757
_d19757